ՀՀ Գիտությունների ազգային ակադեմիայի հիմնարար գիտական գրադարան  =   Fundamental Scientific Library of NAS RA

Криолитология низовья Лены / (Record no. 136385)

MARC details
000 -LEADER
fixed length control field 01076nam a2200241 u 4500
001 - CONTROL NUMBER
control field 000355913
003 - CONTROL NUMBER IDENTIFIER
control field AM-YeHGA
005 - DATE AND TIME OF LATEST TRANSACTION
control field 20250617131449.0
008 - FIXED-LENGTH DATA ELEMENTS--GENERAL INFORMATION
fixed length control field 040802s1989 ||| r 000 0 rus d
040 ## - CATALOGING SOURCE
Original cataloging agency AM-YeHGA
041 0# - LANGUAGE CODE
Language code of text/sound track or separate title rus
090 ## - LOCALLY ASSIGNED LC-TYPE CALL NUMBER (OCLC); LOCAL CALL NUMBER (RLIN)
-- 137756
100 1# - MAIN ENTRY--PERSONAL NAME
Personal name Куницкий, Виктор Владимирович
245 10 - TITLE STATEMENT
Title Криолитология низовья Лены /
Statement of responsibility, etc. В.В. Куницкий; Отв. ред.: П.А. Соловьев; АН СССР. Сиб. отд-ние. Ин-т мерзлотоведения.
260 ## - PUBLICATION, DISTRIBUTION, ETC.
Place of publication, distribution, etc. Якутск :
Name of publisher, distributor, etc. Б. и.,
Date of publication, distribution, etc. 1989.
300 ## - PHYSICAL DESCRIPTION
Extent 163 с.
Other physical details ил.
504 ## - BIBLIOGRAPHY, ETC. NOTE
Bibliography, etc. note Библиогр.: с. 147-160
653 0# - INDEX TERM--UNCONTROLLED
Uncontrolled term Четвертичные отложения - Литология - Лена, р.-дельта
653 0# - INDEX TERM--UNCONTROLLED
Uncontrolled term Вечная мерзлота - Лена, р.-дельта
700 1# - ADDED ENTRY--PERSONAL NAME
Personal name Соловьев, П.А.
Relator term ред.
Relationship edt
710 2# - ADDED ENTRY--CORPORATE NAME
Corporate name or jurisdiction name as entry element Академия наук СССР
Subordinate unit Сибирское отделение
710 2# - ADDED ENTRY--CORPORATE NAME
Corporate name or jurisdiction name as entry element Институт мерзлотоведения СО АН СССР
Holdings
Withdrawn status Lost status Damaged status Not for loan Collection Home library Current library Date acquired Total checkouts Full call number Barcode Date last seen Price effective from Koha item type Public note
        General Fundamental Scientific Library Fundamental Scientific Library 22/12/2016   551.345(571.56) 120627179 22/12/2016 22/12/2016 Գրքեր / Books 30 Days Loan


ՀՀ ԳԱԱ հիմնարար գիտական գրադարան
ՀՀ,Երևան 0019
Մարշալ Բաղրամյան 24/6
հեռախոս:(374-10) 52-47-50
Հետադարձ կապ

All site content, except where otherwise noted, is licensed under a
Creative Commons License